| 000 | 01129nam a2200301Ia 4500 | ||
|---|---|---|---|
| 001 | ebr10202556 | ||
| 003 | CaPaEBR | ||
| 006 | m u | ||
| 007 | cr cn||||||||| | ||
| 008 | 950407s1995 mnuab s 000 0 eng d | ||
| 010 | _z 95067900 | ||
| 020 | _z9781570250736 | ||
| 020 | _z1570250731 | ||
| 040 |
_aCaPaEBR _cCaPaEBR |
||
| 035 | _a(OCoLC)179525824 | ||
| 050 | 1 | 4 |
_aF614.D8 _bB57 1995eb |
| 100 | 1 | _aBlacklock, Craig. | |
| 245 | 1 | 4 |
_aThe Duluth portfolio _h[electronic resource] / _cCraig & Nadine Blacklock. |
| 260 |
_aDuluth, Minn. : _bPfeifer-Hamilton, _cc1995. |
||
| 300 |
_a107 p. : _bchiefly col. ill., map. |
||
| 533 |
_aElectronic reproduction. _bPalo Alto, Calif. : _cebrary, _d2009. _nAvailable via World Wide Web. _nAccess may be limited to ebrary affiliated libraries. |
||
| 651 | 0 |
_aDuluth (Minn.) _xHistory. |
|
| 651 | 0 |
_aDuluth (Minn.) _vPictorial works. |
|
| 655 | 7 |
_aElectronic books. _2local |
|
| 700 | 1 | _aBlacklock, Nadine. | |
| 710 | 2 | _aebrary, Inc. | |
| 856 | 4 | 0 |
_uhttp://site.ebrary.com/lib/rucke/Doc?id=10202556 _zAn electronic book accessible through the World Wide Web; click to view |
| 999 |
_c119035 _d119035 |
||